BIBLIOTECA

SENCICO

Manual de indización : (Registro nro. 106)

Detalles MARC
000 -LEADER
fixed length control field 01333nam a2200265Ia 4500
003 - CONTROL NUMBER IDENTIFIER
control field PE SENCICO BE
005 - DATE AND TIME OF LATEST TRANSACTION
control field 20251020182426.0
008 - FIXED-LENGTH DATA ELEMENTS--GENERAL INFORMATION
fixed length control field 200515s9999 xx 000 0 und d
020 ## - INTERNATIONAL STANDARD BOOK NUMBER
International Standard Book Number 978-84-9704-367-0
040 ## - CATALOGING SOURCE
Original cataloging agency PE SENCICO BE
Transcribing agency PE SENCICO BE
041 ## - LANGUAGE CODE
Language code of text/sound track or separate title spa
082 ## - DEWEY DECIMAL CLASSIFICATION NUMBER
Classification number 025.47
Item number G48
100 1# - MAIN ENTRY--PERSONAL NAME
Personal name Gil Leiva, Isidoro
9 (RLIN) 2238
Relator term autor
245 10 - TITLE STATEMENT
Title Manual de indización :
Remainder of title teoría y práctica /
Statement of responsibility, etc. Isidoro Gil Leiva
260 ## - PUBLICATION, DISTRIBUTION, ETC.
Place of publication, distribution, etc. Gijon :
Name of publisher, distributor, etc. Trea ;
Date of publication, distribution, etc. 2008
300 ## - PHYSICAL DESCRIPTION
Extent 429 p. :
Other physical details il., tbl., graf. ;
Dimensions 24 cm.
490 ## - SERIES STATEMENT
Series statement Biblioteconomía y Administración Cultural ;
Volume/sequential designation 193
505 0# - FORMATTED CONTENTS NOTE
Formatted contents note El proceso cognitivo y la indización -- La indización -- Herramientas para la indización -- Práctica de la indización -- Indización automática -- Evaluación de la indización
520 3# - SUMMARY, ETC.
Summary, etc. Se explica la interconexión entre el proceso cognitivo y la indización, las cualidades, las normas, la relación con la recuperación o la presencia de la indización en internet o las herramientas habituales con las que trabajan los indizadores; se desmenuza el proceso de la indización tanto en lenguaje natural como en lenguaje controlado.
650 10 - SUBJECT ADDED ENTRY--TOPICAL TERM
Topical term or geographic name entry element Bibliotecología
9 (RLIN) 2217
650 20 - SUBJECT ADDED ENTRY--TOPICAL TERM
Topical term or geographic name entry element Indización
9 (RLIN) 2234
650 20 - SUBJECT ADDED ENTRY--TOPICAL TERM
Topical term or geographic name entry element Procesos técnicos (Bibliotecas)
9 (RLIN) 2218
650 20 - SUBJECT ADDED ENTRY--TOPICAL TERM
Topical term or geographic name entry element Automatización
9 (RLIN) 243
942 ## - ADDED ENTRY ELEMENTS (KOHA)
Koha item type Libros
Source of classification or shelving scheme Dewey Decimal Classification
Existencias
Fecha de la última vez que lo usaron Número de ingreso o de inventario Pago total Signatura topográfica completa Código de barras Precio efectivo desde Tipo de documento Estado perdido Sistema de clasificación Estado dañado No es para préstamo Retirado Ubicación permanente Ubicación actual Fecha de adquisición
15/05/2020 15566   025.47/G48 BibLima24060001 15/05/2020 Libros   Dewey Decimal Classification       Biblioteca Central Lima Biblioteca Central Lima 15/05/2020